Statistics for Countries That Border Sudan

Click here to take the quiz!

General Stats

  • This quiz has been taken 17 times
  • The average score is 7 of 7

Answer Stats

DirectionAnswer% Correct
WChad
100%
SEEthiopia
100%
SSouth Sudan
100%
NEgypt
94%
NLibya
94%
EEritrea
88%
SWCentral African Republic
81%

Score Distribution

Percentile by Number Answered

Percent of People with Each Score

Your Score History

You have not taken this quiz